000
00219nam a22000977a 4500
999
_c
15783
_d
15783
003
OSt
008
191019b ||||| |||| 00| 0 eng d
100
_a
Pottekkat, S K.
_9
1693
245
_a
Oru theruvinte kadha
942
_c
BK